| 000 | 00491nam a2200169 i 4500 | ||
|---|---|---|---|
| 001 | 41497 | ||
| 003 | ES-MaACL | ||
| 005 | 20230906160436.0 | ||
| 007 | t| | ||
| 008 | 030311s1971 sp ||||1| spa d | ||
| 100 | 1 |
_aCasini, Paolo. _936314 |
|
| 245 | 1 | 3 |
_aEl universo-máquina / _cPaolo Casini ; [traducción de Teresa Filesi]. |
| 260 |
_a[Barcelona] : _bMartínez Roca, _c[1971] |
||
| 300 |
_a314 p. ; _c20 cm. |
||
| 700 | 1 |
_aFilesi, Teresa. _950831 |
|
| 852 |
_aES-MaACL _jC-41148 _bR.80213 |
||
| 999 |
_c41497 _d41497 |
||